| 000 -LEADER |
| fixed length control field |
00541nam a22001817a 4500 |
| 008 - FIXED-LENGTH DATA ELEMENTS--GENERAL INFORMATION |
| fixed length control field |
150612b xxu||||| |||| 00| 0 eng d |
| 020 ## - INTERNATIONAL STANDARD BOOK NUMBER |
| International Standard Book Number |
0894681974 |
| 041 0# - LANGUAGE CODE |
| Language code of text/sound track or separate title |
eng |
| 080 ## - UNIVERSAL DECIMAL CLASSIFICATION NUMBER |
| Universal Decimal Classification number |
79.071 |
| 100 ## - Rafti |
| Rafti |
Flam, Jack D. |
| 245 00 - TITLE STATEMENT |
| Title |
Matisse : |
| Statement of responsibility, etc |
Jack Flam. |
| 260 ## - |
| -- |
Washington, D.C. : |
| -- |
National Gallery of Art, |
| -- |
1993. |
| 300 ## - |
| -- |
392 f. : |
| -- |
me il. : |
| -- |
35 cm. |
| 505 ## - |
| -- |
Index : f. 389-392 |
| 650 #0 - |
| -- |
Mural painting and decoration, French |
| 650 #0 - |
| -- |
Pikturë murale dhe dekorimet, Frëngjisht |
| 942 ## - ADDED ENTRY ELEMENTS (KOHA) |
| Source of classification or shelving scheme |
|
| Item type |
Books |